Personnel policies : (Record no. 3284)

000 -LEADER
fixed length control field nam a22 a 4500
003 - CONTROL NUMBER IDENTIFIER
control field AKMAL
005 - DATE AND TIME OF LATEST TRANSACTION
control field 20170522104853.0
008 - FIXED-LENGTH DATA ELEMENTS--GENERAL INFORMATION
fixed length control field 170521s1995 my 00 eng d
020 ## - INTERNATIONAL STANDARD BOOK NUMBER
International Standard Book Number 9679785378 (pbk.):
Terms of availability RM23.00
082 04 - DEWEY DECIMAL CLASSIFICATION NUMBER
Classification number 658.301 KHO
Edition number 21
090 00 - LOCALLY ASSIGNED LC-TYPE CALL NUMBER (OCLC); LOCAL CALL NUMBER (RLIN)
Classification number (OCLC) (R) ; Classification number, CALL (RLIN) (NR) 658.301
Local cutter number (OCLC) ; Book number/undivided call number, CALL (RLIN) KHO
100 1# - MAIN ENTRY--PERSONAL NAME
Personal name Khoo, Kheng-Hor,
Dates associated with a name 1956-
9 (RLIN) 1421
245 10 - TITLE STATEMENT
Title Personnel policies :
Remainder of title the art of attracting, motivating and keeping people /
Statement of responsibility, etc. Khoo Kheng-Hor
260 ## - PUBLICATION, DISTRIBUTION, ETC.
Place of publication, distribution, etc. Selangor :
Name of publisher, distributor, etc. Pelanduk Publications,
Date of publication, distribution, etc. 1995
300 00 - PHYSICAL DESCRIPTION
Extent 153p. :
Other physical details ill. ;
Dimensions 22cm
500 ## - GENERAL NOTE
General note Includes index
650 #0 - SUBJECT ADDED ENTRY--TOPICAL TERM
Topical term or geographic name entry element Personnel management
9 (RLIN) 602
650 #0 - SUBJECT ADDED ENTRY--TOPICAL TERM
Topical term or geographic name entry element Manpower planning
9 (RLIN) 6420
942 ## - ADDED ENTRY ELEMENTS (KOHA)
Source of classification or shelving scheme
Koha item type Book
Holdings
Withdrawn status Lost status Source of classification or shelving scheme Damaged status Not for loan Collection code Home library Current library Shelving location Date acquired Inventory number Total Checkouts Full call number Barcode Date last seen Price effective from Koha item type
          NON-FICTION AKMAL Melaka AKMAL Melaka PINJAMAN 22.05.2017 001740   658.301 KHO 201703936 22.05.2017 22.05.2017 Book
Pusat Sumber Maklumat Dato' Haji Sarmin Md Hussin, Akademi Kastam Diraja Malaysia, Melaka
Tel: 06-2331106 | Faks: 06-2313787